000 00304nam a2200109Ia 4500
008 200302s9999 xx 000 0 und d
100 _aBund utschr lanscha Ftsarchitekten Bdla ed.
245 _aGrune infrastrukture green Infrastructure
260 _bBirkhauser Verlag Gmbh
260 _c2015
300 _a176
999 _c6595
_d6595